Housing : repairs and improvements

Bibliographic Details
Main Author: Hadden, Tom
Format: Book
Published: London : Sweet and Maxwell , 1979
Series:Social work and law
Subjects:

MARC

LEADER 00000cam a2200000 7i4500
001 0000008698
005 20170104.0
020 |a 04212381000 
040 |a INS 
090 0 0 |a TH4617   |b H32 1979 
100 1 |a Hadden, Tom 
245 1 0 |a Housing :   |b repairs and improvements   |c Tom Hadden 
260 |a London :   |b Sweet and Maxwell ,   |c 1979 
300 |a 219p :   |b ill ;   |c 21.5 cm. 
440 0 |a Social work and law 
650 0 0 |a Housing management   |x Law and legislation 
650 0 0 |a Housing   |x Hygienic aspects 
650 0 0 |a Housing   |x Law and legislation 
999 |a 0000023436   |b BOOK   |c Open Shelf   |e Default branch